<?xml version="1.0" encoding="UTF-8"?>
<collection xmlns="http://www.loc.gov/MARC21/slim">
<record>
  <controlfield tag="001">171091</controlfield>
  <controlfield tag="005">20260506144057.0</controlfield>
  <datafield tag="024" ind1="8" ind2=" ">
    <subfield code="2">sideral</subfield>
    <subfield code="a">130404</subfield>
  </datafield>
  <datafield tag="037" ind1=" " ind2=" ">
    <subfield code="a">ART-2017-130404</subfield>
  </datafield>
  <datafield tag="041" ind1=" " ind2=" ">
    <subfield code="a">spa</subfield>
  </datafield>
  <datafield tag="100" ind1=" " ind2=" ">
    <subfield code="a">Mérida Donoso, J. A.</subfield>
    <subfield code="u">Universidad de Zaragoza</subfield>
    <subfield code="0">(orcid)0000-0001-7385-6772</subfield>
  </datafield>
  <datafield tag="245" ind1=" " ind2=" ">
    <subfield code="a">Un momento para el silencio en medio del ruido del "mainstream"</subfield>
  </datafield>
  <datafield tag="260" ind1=" " ind2=" ">
    <subfield code="c">2017</subfield>
  </datafield>
  <datafield tag="520" ind1="3" ind2=" ">
    <subfield code="a">Tomando la obra de Aki Kaurismäki (La chica de la fábrica de cerillas, 1990) se analizan las posibilidades de una estética cinematográfica amparada en el silencio, y las posibilidades de este tipo de cine para hablar de una estética radical. En nuestros capitalistas días, en plena vorágine de los quehaceres ordinarios impuestos en nuestro día a día, es muy difícil - a veces imposible - encontrar momentos de silencio. Apostar por un cine sin concesiones, que no se pliega a las modas ni al discurso de lo evidente, en un mundo tan comercial como se muestra en el escaparate del cine actual, supone generar todo un cúmulo de reflexiones sobre una posición del cine de periferia, casi marginal y desde luego ausente en la gran mayoría del alumnado...</subfield>
  </datafield>
  <datafield tag="540" ind1=" " ind2=" ">
    <subfield code="9">info:eu-repo/semantics/closedAccess</subfield>
    <subfield code="a">All rights reserved</subfield>
    <subfield code="u">http://www.europeana.eu/rights/rr-f/</subfield>
  </datafield>
  <datafield tag="655" ind1=" " ind2="4">
    <subfield code="a">info:eu-repo/semantics/article</subfield>
    <subfield code="v">info:eu-repo/semantics/publishedVersion</subfield>
  </datafield>
  <datafield tag="710" ind1="2" ind2=" ">
    <subfield code="1">4006</subfield>
    <subfield code="2">210</subfield>
    <subfield code="a">Universidad de Zaragoza</subfield>
    <subfield code="b">Dpto. Didác.Leng.y CC.HH.y SS.</subfield>
    <subfield code="c">Área Didáctica Ciencias Socia.</subfield>
  </datafield>
  <datafield tag="773" ind1=" " ind2=" ">
    <subfield code="g">127 (2017), 8-13</subfield>
    <subfield code="p">Making of (Barc.)</subfield>
    <subfield code="t">Making of (Barcelona)</subfield>
    <subfield code="x">1137-4926</subfield>
  </datafield>
  <datafield tag="856" ind1="4" ind2="1">
    <subfield code="u">http://www.centrocp.com/un-momento-para-el-silencio-en-medio-del-ruido-del-mainstream/</subfield>
    <subfield code="z">Texto completo de la revista</subfield>
  </datafield>
  <datafield tag="856" ind1="4" ind2=" ">
    <subfield code="s">357646</subfield>
    <subfield code="u">http://zaguan.unizar.es/record/171091/files/texto_completo.pdf</subfield>
    <subfield code="y">Versión publicada</subfield>
  </datafield>
  <datafield tag="856" ind1="4" ind2=" ">
    <subfield code="s">686649</subfield>
    <subfield code="u">http://zaguan.unizar.es/record/171091/files/texto_completo.jpg?subformat=icon</subfield>
    <subfield code="x">icon</subfield>
    <subfield code="y">Versión publicada</subfield>
  </datafield>
  <datafield tag="909" ind1="C" ind2="O">
    <subfield code="o">oai:zaguan.unizar.es:171091</subfield>
    <subfield code="p">articulos</subfield>
    <subfield code="p">driver</subfield>
  </datafield>
  <datafield tag="951" ind1=" " ind2=" ">
    <subfield code="a">2026-05-06-13:58:24</subfield>
  </datafield>
  <datafield tag="980" ind1=" " ind2=" ">
    <subfield code="a">ARTICLE</subfield>
  </datafield>
</record>
</collection>